La inclusión en instituciones iberoamericanas de educación superior : buenas prácticas para el acceso y la permanencia de estudiantes con discapacidad.

-д хадгалсан:
Номзүйн дэлгэрэнгүй
Үндсэн зохиолч: Fernández de Álava, Miren (autor)
Бусад зохиолчид: Barrera Corominas, Aleix, coaut (autor) coaut, (autor), Díaz Vicario, Anna, coaut (autor) coaut, (autor)
Формат: Цуваа
Хэл сонгох:испани
Нөхцлүүд:
Онлайн хандалт:Ver documento en línea
Шошгууд: Шошго нэмэх
Шошго байхгүй, Энэхүү баримтыг шошголох эхний хүн болох!

MARC

LEADER 00000cas^a2200000uu^4500
001 000532393
005 20260411000000.0
008 050901s1995^^^^^^^^^^^^r^^r^^000^0^spa^d
009 20260411195026.851
022 |a 10226508 
035 |a FCE 000076641 
035 |a FCE 019730 
037 |a Acervo ITESO - Biblioteca 
041 |a spa 
095 |a REVISTA IBEROAMERICANA DE EDUCACION  |b 63/2013 (PDF) 
100 |a Fernández de Álava, Miren  |e (autor) 
245 1 3 |a La inclusión en instituciones iberoamericanas de educación superior :  |b buenas prácticas para el acceso y la permanencia de estudiantes con discapacidad. 
264 |a Madrid :  |b OEI,  |c 2013. 
336 |a texto  |b txt  |2 rdacontenido 
337 |a sin mediación  |b n  |2 rdamedio 
338 |a volumen  |b nc  |2 rdasoporte 
649 |a XX 
650 |a Educación superior 
650 |a Estudiantes 
650 |a Discapacidad 
650 |a Inclusión Educativa 
650 |a América Latina 
740 |g no. 63, sept.-dic. 2013, pp. 95-113  |t Revista Iberoamericana de Educación, 
700 |a Barrera Corominas, Aleix,  |e coaut  |e (autor) 
700 |a Díaz Vicario, Anna,  |e coaut  |e (autor) 
856 4 0 |u https://www.rieoei.org/rie63a06.pdf  |y Ver documento en línea 
910 |a Fondo Centro de Estudios Educativos 
920 |a Impresos - Libros 
930 |a Fondos Especiales 
905 |a 133 
902 |a https://opac.biblio.iteso.mx/vufind/Record/000532393